000 00697nam a22002177a 4500
005 20251108170821.0
008 250721s1997 xx 000 0 ara d
082 1 4 _a301.021/شعر
100 1 _aأبو الشعر، عبد الرزاق أمين
245 1 0 _aالعينات و تطبيقاتها في البحوث الإجتماعية /
264 1 _aالرياض :
_bمعهد الادارة العامة،
_c1997.
300 _a470ص
650 1 7 _aعلم الإجتماع
650 1 7 _aالمجتمعات
650 1 7 _aالمجتمع
650 1 7 _aالإحصاءات
650 1 7 _aالعينات
650 1 7 _aالبحوث الإجتماعية
942 _2ddc
_cBK
999 _c49698
_d49698